<?xml version="1.0" encoding="UTF-8"?>
<record
    xmlns:xsi="http://www.w3.org/2001/XMLSchema-instance"
    xsi:schemaLocation="http://www.loc.gov/MARC21/slim http://www.loc.gov/standards/marcxml/schema/MARC21slim.xsd"
    xmlns="http://www.loc.gov/MARC21/slim">

  <leader>01483nam a22003257a 4500</leader>
  <controlfield tag="003">OSt</controlfield>
  <controlfield tag="005">20260513101826.0</controlfield>
  <controlfield tag="008">260513b        |||||||| |||| 00| 0 aze d</controlfield>
  <datafield tag="020" ind1=" " ind2=" ">
    <subfield code="a">5806617823</subfield>
  </datafield>
  <datafield tag="040" ind1=" " ind2=" ">
    <subfield code="a">AZ-XaKU</subfield>
    <subfield code="b">aze</subfield>
    <subfield code="c">AZ-XaKU</subfield>
  </datafield>
  <datafield tag="050" ind1="1" ind2="4">
    <subfield code="a">PN2000 .V238 .AR751 2005</subfield>
  </datafield>
  <datafield tag="100" ind1="1" ind2=" ">
    <subfield code="a">V&#x259;liyev, &#x18F;dal&#x259;t,</subfield>
    <subfield code="c">dosent,</subfield>
    <subfield code="d">1959 - ,</subfield>
    <subfield code="e">m&#xFC;&#x259;llif.</subfield>
  </datafield>
  <datafield tag="245" ind1="1" ind2="0">
    <subfield code="a">Teatr s&#x259;n&#x259;timiz: d&#xFC;n&#x259;n, bu g&#xFC;n, sabah...</subfield>
    <subfield code="c">/ &#x18F;dal&#x259;t V&#x259;liyev</subfield>
  </datafield>
  <datafield tag="264" ind1=" " ind2=" ">
    <subfield code="a">Bak&#x131;:</subfield>
    <subfield code="b">Elm n&#x259;&#x15F;riyyat&#x131;,</subfield>
    <subfield code="c">2005.</subfield>
  </datafield>
  <datafield tag="300" ind1=" " ind2=" ">
    <subfield code="a">476 s&#x259;hif&#x259; ;</subfield>
    <subfield code="b">&#x15F;&#x259;killi,</subfield>
    <subfield code="c">21 sm.</subfield>
  </datafield>
  <datafield tag="336" ind1=" " ind2=" ">
    <subfield code="a">text</subfield>
    <subfield code="b">txt</subfield>
    <subfield code="2">rdacontent</subfield>
  </datafield>
  <datafield tag="337" ind1=" " ind2=" ">
    <subfield code="a">unmediated</subfield>
    <subfield code="b">n</subfield>
    <subfield code="2">rdamedia</subfield>
  </datafield>
  <datafield tag="338" ind1=" " ind2=" ">
    <subfield code="a">volume </subfield>
    <subfield code="b">nc</subfield>
    <subfield code="2">rdacarrier</subfield>
  </datafield>
  <datafield tag="505" ind1="0" ind2=" ">
    <subfield code="a">Birinci b&#xF6;lm&#x259;: M&#xFC;asir teatr probleml&#x259;ri (n&#x259;z&#x259;ri v&#x259; praktik d&#xFC;&#x15F;&#xFC;nc&#x259;l&#x259;r) -- &#x130;kinci b&#xF6;lm&#x259;: M&#x259;d&#x259;niyy&#x259;timizin sabah&#x131;na inan&#x131;ram (m&#xFC;sahib&#x259;l&#x259;r- m&#xFC;lahiz&#x259;l&#x259;r) </subfield>
  </datafield>
  <datafield tag="520" ind1=" " ind2=" ">
    <subfield code="a">Kitabda m&#xFC;&#x259;llifin m&#xFC;xt&#x259;lif ill&#x259;rd&#x259; &#xE7;ap olunmu&#x15F; elmi-n&#x259;z&#x259;ri m&#x259;qal&#x259;l&#x259;ri, publisistik yaz&#x131;lar&#x131; v&#x259; teatr s&#x259;n&#x259;til&#x259; ba&#x11F;l&#x131; m&#xFC;sahib&#x259;l&#x259;ri toplanm&#x131;&#x15F;d&#x131;r.</subfield>
  </datafield>
  <datafield tag="521" ind1=" " ind2=" ">
    <subfield code="a">Kitab m&#xFC;asir teatr&#x131;n n&#x259;z&#x259;ri v&#x259; ger&#xE7;&#x259;k  inki&#x15F;af il&#x259; maraqlanan m&#xFC;t&#x259;x&#x259;ssisl&#x259;r, teatrsev&#x259;rl&#x259;r v&#x259; geni&#x15F; oxucu k&#xFC;tl&#x259;si &#xFC;&#xE7;&#xFC;n n&#x259;z&#x259;rd&#x259; tutulmu&#x15F;dur. </subfield>
  </datafield>
  <datafield tag="600" ind1=" " ind2=" ">
    <subfield code="2">AzXaKU</subfield>
  </datafield>
  <datafield tag="650" ind1=" " ind2="7">
    <subfield code="a">Teatr&#x15F;&#xFC;nasl&#x131;q</subfield>
    <subfield code="2">AzXaKU</subfield>
  </datafield>
  <datafield tag="655" ind1=" " ind2=" ">
    <subfield code="a">Monoqrafiya</subfield>
  </datafield>
  <datafield tag="700" ind1="1" ind2=" ">
    <subfield code="a">K&#x259;rimov, &#x130;qbal,</subfield>
    <subfield code="e">elmi redaktor. </subfield>
  </datafield>
  <datafield tag="700" ind1="1" ind2=" ">
    <subfield code="a">&#x18F;s&#x259;dova, Alim&#x259;,</subfield>
    <subfield code="e">korrektor.</subfield>
  </datafield>
  <datafield tag="700" ind1="1" ind2=" ">
    <subfield code="a">R&#x259;himli, Rafiq,</subfield>
    <subfield code="e">redaktor.</subfield>
  </datafield>
  <datafield tag="942" ind1=" " ind2=" ">
    <subfield code="c">BOOK</subfield>
  </datafield>
  <datafield tag="999" ind1=" " ind2=" ">
    <subfield code="c">436</subfield>
    <subfield code="d">436</subfield>
  </datafield>
  <datafield tag="952" ind1=" " ind2=" ">
    <subfield code="0">0</subfield>
    <subfield code="1">0</subfield>
    <subfield code="2">lcc</subfield>
    <subfield code="4">0</subfield>
    <subfield code="7">0</subfield>
    <subfield code="8">FA</subfield>
    <subfield code="a">KU</subfield>
    <subfield code="b">KUA</subfield>
    <subfield code="d">2026-05-13</subfield>
    <subfield code="l">0</subfield>
    <subfield code="o">PN2000 .V238 .AR751 2005</subfield>
    <subfield code="p">0000001214</subfield>
    <subfield code="r">2026-05-13 10:20:03</subfield>
    <subfield code="t">1</subfield>
    <subfield code="w">2026-05-13</subfield>
    <subfield code="y">BOOK</subfield>
  </datafield>
</record>
